[Event "Aragon-chT Preferente Gr II"]
[Site "Aragon"]
[Date "2022.02.05"]
[Round "2.68"]
[White "Perez Tomas, Juan Manuel"]
[Black "Vinuales Ferro, Antonio"]
[Result "0-1"]
[WhiteElo "1638"]
[BlackElo "1601"]
[PlyCount "64"]
[EventDate "2022.01.29"]
[EventType "team-tourn"]
[EventRounds "9"]
[EventCountry "ESP"]
[SourceTitle "EXT 2024"]
[Source "ChessBase"]
[SourceDate "2023.10.10"]
[SourceVersion "1"]
[SourceVersionDate "2023.10.10"]
[SourceQuality "1"]
[WhiteTeam "Marcos Frechin II"]
[BlackTeam "Jaque Pirenauto II"]
[WhiteTeamCountry "ESP"]
[BlackTeamCountry "ESP"]

1. e4 c5 2. Ne2 e6 3. d4 cxd4 4. Nxd4 Nf6 5. Nc3 d6 6. g4 a6 7. Be3 b5 8. Bg2 Bb7 9. g5 Nfd7 10. a3 Nb6 11. Qf3 N8d7 12. Qh3 e5 13. Nf5 g6 14. Nh6 Nc4 15. 0-0-0 Qc7 16. Ng4 Rc8 17. Kb1 Nxb2 18. Bd2 Nxd1 19. Rxd1 b4 20. axb4 Qc4 21. Bf1 Qxb4+ 22. Ka2 Rc5 23. Ka1 Qa3+ 24. Na2 Qxh3 25. Bxh3 Bxe4 26. Nf6+ Nxf6 27. gxf6 d5 28. Rb1 Rb5 29. Rxb5 axb5 30. Nc3 Bf5 31. Bf1 Bb4 32. Kb2 d4 0-1

[Event "ESP-ch U16"]
[Site "Salobrena"]
[Date "2021.07.19"]
[Round "1"]
[White "Vinuales Ferro, Antonio"]
[Black "Revaliente Montoya, Ciro"]
[Result "0-1"]
[WhiteElo "1653"]
[BlackElo "2056"]
[PlyCount "58"]
[EventDate "2021.07.19"]
[EventType "swiss"]
[EventRounds "9"]
[EventCountry "ESP"]
[SourceTitle "EXT 2022"]
[Source "ChessBase"]
[SourceDate "2021.10.06"]
[SourceVersion "1"]
[SourceVersionDate "2021.10.06"]
[SourceQuality "1"]

1. b4 Nf6 2. Bb2 g6 3. e3 d5 4. Be2 Bg7 5. f4 a5 6. b5 c5 7. a4 0-0 8. d3 b6 9. g4 e5 10. g5 Ne8 11. h4 exf4 12. Bxg7 Nxg7 13. exf4 Re8 14. Nc3 Nh5 15. Qd2 Qd6 16. 0-0-0 Nxf4 17. Rf1 Ne6 18. Bf3 Bb7 19. Qf2 Nd7 20. h5 Nxg5 21. Qh4 Qe5 22. hxg6 fxg6 23. Nge2 Nf8 24. Bg4 Qe3+ 25. Kd1 d4 26. Ne4 Bxe4 27. dxe4 Nxe4 28. Rxf8+ Kxf8 29. Rf1+ Kg8 0-1

[Event "Monzon Cup"]
[Site "Monzon"]
[Date "2018.01.21"]
[Round "2"]
[White "Vinuales Ferro, Antonio"]
[Black "Ereza Vizcarra, Fernando"]
[Result "0-1"]
[WhiteElo "1689"]
[BlackElo "1924"]
[PlyCount "94"]
[EventDate "2018.01.21"]
[EventType "team-k.o."]
[EventRounds "3"]
[EventCountry "ESP"]
[SourceTitle "EXT 2019"]
[Source "ChessBase"]
[SourceDate "2018.10.10"]
[SourceVersion "1"]
[SourceVersionDate "2018.10.10"]
[SourceQuality "1"]
[WhiteTeam "Huesca Club Atletismo"]
[BlackTeam "Jaque"]
[WhiteTeamCountry "ESP"]
[BlackTeamCountry "ESP"]

1. c4 d6 2. Nf3 e5 3. d3 Nf6 4. e3 g6 5. Be2 Bg7 6. Nc3 0-0 7. 0-0 c6 8. Bd2 Nbd7 9. b4 Qe7 10. Rb1 d5 11. cxd5 cxd5 12. Qc2 b6 13. Rfc1 Bb7 14. a4 Rac8 15. Qb3 a6 16. h3 Rfd8 17. Nd1 d4 18. e4 Bf8 19. b5 Nc5 20. Qa2 a5 21. Nb2 Bg7 22. Nc4 Nfd7 23. Bg5 Bf6 24. Bxf6 Qxf6 25. Nfd2 Qe6 26. Nb3 Kh8 27. Nxc5 Nxc5 28. Qa3 f5 29. f3 Rf8 30. Re1 Rc7 31. Rf1 Qf6 32. f4 exf4 33. Rxf4 Qg5 34. Rf2 Rf6 35. exf5 Rxf5 36. Bf1 Rxf2 37. Kxf2 Rf7+ 38. Kg1 Rxf1+ 39. Kxf1 Qxg2+ 40. Ke1 Qg1+ 41. Kd2 Qxb1 42. Nxb6 Nb3+ 43. Ke2 Qc2+ 44. Ke1 Qd2+ 45. Kf1 Qxd3+ 46. Ke1 Qe3+ 47. Kf1 Nd2# 0-1